<?xml version="1.0" encoding="UTF-8"?><?xml-stylesheet type="text/xsl" href="static/style.xsl"?><OAI-PMH xmlns="http://www.openarchives.org/OAI/2.0/" xmlns:xsi="http://www.w3.org/2001/XMLSchema-instance" xsi:schemaLocation="http://www.openarchives.org/OAI/2.0/ http://www.openarchives.org/OAI/2.0/OAI-PMH.xsd"><responseDate>2026-04-13T02:55:24Z</responseDate><request verb="GetRecord" identifier="oai:www.recercat.cat:2099.1/11726" metadataPrefix="marc">https://recercat.cat/oai/request</request><GetRecord><record><header><identifier>oai:recercat.cat:2099.1/11726</identifier><datestamp>2025-07-23T05:58:46Z</datestamp><setSpec>com_2072_1033</setSpec><setSpec>col_2072_452951</setSpec></header><metadata><record xmlns="http://www.loc.gov/MARC21/slim" xmlns:dcterms="http://purl.org/dc/terms/" xmlns:xsi="http://www.w3.org/2001/XMLSchema-instance" xmlns:doc="http://www.lyncode.com/xoai" xsi:schemaLocation="http://www.loc.gov/MARC21/slim http://www.loc.gov/standards/marcxml/schema/MARC21slim.xsd">
   <leader>00925njm 22002777a 4500</leader>
   <datafield ind2=" " ind1=" " tag="042">
      <subfield code="a">dc</subfield>
   </datafield>
   <datafield ind2=" " ind1=" " tag="720">
      <subfield code="a">Tamargo García, Jaume</subfield>
      <subfield code="e">author</subfield>
   </datafield>
   <datafield ind2=" " ind1=" " tag="260">
      <subfield code="c">2011-01-24</subfield>
   </datafield>
   <datafield ind2=" " ind1=" " tag="520">
      <subfield code="a">Castellano: Este proyecto tiene como objetivo el desarrollo de un sistema, hardware y software, que&#xd;
permita automatizar el proceso de cambio de software en una cadena de producción de&#xd;
televisores LCD Sony.&#xd;
En la actualidad, la cadena de montaje se inicia con la grabación de un software en la&#xd;
placa principal que contendrá cada uno de los televisores LCD. La descarga de este&#xd;
software hacia las placas de TV se realiza desde dos dispositivos de almacenamiento&#xd;
masivo distintos, PenDrive y MemoryStick, según el modelo de LCD.&#xd;
El problema que plantea el sistema actual, y que se pretende solucionar con este&#xd;
proyecto, consiste en que cada cambio de software implica la sustitución manual del&#xd;
contenido de los dispositivos. Teniendo en cuenta que la frecuencia de este proceso es&#xd;
de unas dos veces por semana, y que la cantidad de ranuras o slots de grabación de&#xd;
software ronda las 100 unidades, semanalmente se deben realizar cambios de software&#xd;
en unos 200 dispositivos.&#xd;
El proceso de cambio de software requiere la extracción física de los dispositivos y su&#xd;
grabación fuera de la línea de producción, implicando la coordinación de un elevado&#xd;
número de personas durante horas. Durante este tiempo la cadena de producción se&#xd;
encuentra parada, con los gastos que esta espera conlleva para la empresa.&#xd;
Para solucionar el problema, se propone un sistema que permite la grabación automática&#xd;
y dentro de la línea de producción, de los dispositivos de almacenamiento, evitando así&#xd;
la actual necesidad de realizar operaciones manuales. Este sistema debe permitir, por&#xd;
tanto, la conmutación de los dispositivos de almacenamiento entre la placa LCD-TV a&#xd;
grabar y el PC desde donde se realizará el cambio de contenido.&#xd;
Aprovechando el sistema hardware a desarrollar, se incluye la opción de utilizarlo para&#xd;
la identificación y el control de cualquier tipo de dispositivo USB que se conecte al&#xd;
ordenador. Mediante esta identificación se permite el uso de cámaras USB en el&#xd;
sistema, asociando cada ranura de grabación con una cámara USB específica del&#xd;
ordenador. De esta forma se pueden utilizar cámaras económicas para leer las etiquetas&#xd;
identificadoras que llevan las placas de TV, sustituyendo así a los costosos lectores de&#xd;
etiquetas, conocidos como lectores Datamatrix.&#xd;
Por último, se desarrolla un software que aprovecha todas las capacidades del hardware&#xd;
diseñado con la finalidad de automatizar el máximo número de procesos manuales&#xd;
susceptibles al error humano, minimizando así los peligros que suponen estos procesos,&#xd;
y evitando dedicar capital humano a tareas sin valor añadido.</subfield>
   </datafield>
   <datafield tag="653" ind2=" " ind1=" ">
      <subfield code="a">Àrees temàtiques de la UPC::So, imatge i multimèdia::Dispositius de so, imatge i multimèdia</subfield>
   </datafield>
   <datafield tag="653" ind2=" " ind1=" ">
      <subfield code="a">Television -- Computer software</subfield>
   </datafield>
   <datafield tag="653" ind2=" " ind1=" ">
      <subfield code="a">Televisores LCD Sony</subfield>
   </datafield>
   <datafield tag="653" ind2=" " ind1=" ">
      <subfield code="a">Sony</subfield>
   </datafield>
   <datafield tag="653" ind2=" " ind1=" ">
      <subfield code="a">Hardware</subfield>
   </datafield>
   <datafield tag="653" ind2=" " ind1=" ">
      <subfield code="a">Software</subfield>
   </datafield>
   <datafield tag="653" ind2=" " ind1=" ">
      <subfield code="a">TV</subfield>
   </datafield>
   <datafield tag="653" ind2=" " ind1=" ">
      <subfield code="a">Sony</subfield>
   </datafield>
   <datafield tag="653" ind2=" " ind1=" ">
      <subfield code="a">Televisió -- Programari</subfield>
   </datafield>
   <datafield ind2="0" ind1="0" tag="245">
      <subfield code="a">Sistema de automatización del proceso de cambio de software para televisores LCD Sony</subfield>
   </datafield>
   <datafield ind2="0" ind1="0" tag="245">
      <subfield code="a">Automatic change software process for TV LCD Sony Sistema de automatización del proceso de cambio de software para televisores LCD Sony Sistema per l'automatizació del procés de canvi de software dels televisors LCD Sony</subfield>
   </datafield>
</record></metadata></record></GetRecord></OAI-PMH>